000
00245nam a2200097Ia 4500
001
722133
005
20250826163306.0
008
250824s9999 xx 000 0 und d
245
0
_a
MUHTEŞEM YÜKSELİŞ
_c
DURAN ÇETİN
260
_b
KARATAY YAYINLARI
999
_c
722133
_d
722133